00802nam a22002537a 4500001000700000003000900007005001700016007000700033008003500040020001500075040002500090082002600115245001200141250001200153260005200165300002600217500003600243590002600279650003700305910004100342942001200383952013800395999001500533000204DO-SdBPM20250521120651.0000204151210b 2004 sp a 00| 0 spa d a8424186060 aDO-SdBPMbspacBPMSU 4a808.83bP657 200422200aPinocho a2a. ed. aLeón, España ; bEditorial Everest, c2004. a[48] p.;bilc26 cm.  aA la cabeza del titulo: Disney aInventariado, 2025/VM 4aCuentos infantiles vColecciones aVMateo V. Control de calidad. BPMSU  2ddccBK 00102ddc40708CI-GaBPMETbBPMETd2016-03-28eDonaciónl0oBPMSU CGI 808.83 P657 2004pBPMSU16030276r2016-03-28w2016-03-28yBK c9395d9395